Psychology: Industrial and Organizational Psychology. (Record no. 3288)

MARC details
005 - DATE AND TIME OF LATEST TRANSACTION
control field 20250606092446.0
020 ## - INTERNATIONAL STANDARD BOOK NUMBER
International Standard Book Number 978-0-470-76887-7
082 ## - DEWEY DECIMAL CLASSIFICATION NUMBER
Classification number 658.3 PSY
245 ## - TITLE STATEMENT
Title Psychology: Industrial and Organizational Psychology.
250 ## - EDITION STATEMENT
Edition statement 2nd Ed.
260 ## - PUBLICATION, DISTRIBUTION, ETC.
Place of publication, distribution, etc. Canada,
Name of publisher, distributor, etc. John Wiley & Sons,
Date of publication, distribution, etc. 2013.
300 ## - PHYSICAL DESCRIPTION
Extent xvii,791p.;
Other physical details Indexes
Dimensions 28cm.
700 ## - ADDED ENTRY--PERSONAL NAME
Other authors/Editors SCHMITT, N. W & WEINER, I. B.
942 ## - ADDED ENTRY ELEMENTS (KOHA)
Source of classification or shelving scheme Dewey Decimal Classification
Koha item type Books
Holdings
Date last seen Total checkouts Full call number Barcode Cost, replacement price Price effective from Koha item type Lost status Source of classification or shelving scheme Damaged status Not for loan Withdrawn status Home library Current library Shelving location Date acquired Cost, normal purchase price
06/06/2025   658.3 PSY DOM000118 999999.99 06/06/2025 Books   Dewey Decimal Classification       CBE Dodoma CBE Dodoma Special Reserve Collection 03/12/2025 601030.00